| 000 | 00435nam a22001577a 4500 | ||
|---|---|---|---|
| 005 | 20150326123717.0 | ||
| 008 | 150326b xxu||||| |||| 00| 0 eng d | ||
| 020 | _a0195625412 | ||
| 040 | _cPK-LaUMT | ||
| 082 |
_aKHC 954.0359 _bANI-O |
||
| 100 | _aAnita Inder Singh | ||
| 245 |
_aThe origins of the partition of India 1936-47 _cAnita Inder Singh |
||
| 260 |
_aDelhi _bOxford University Press _c1987 |
||
| 300 | _a271 p. | ||
| 942 | _cBK | ||
| 999 |
_c68261 _d68261 |
||